000 00677nam a2200217 a 4500
008
020 _a0958427313 (pbk)
049 _aMAIN
090 _aHC79.E5
_bRIS
245 1 0 _aRisk sustainable development and disasters :
_bSouthern perspectives /
_ceditor Ailsa Holloway.
260 _aCape Town :
_bPeriperi publications,
_c1999.
300 _a74 p.
_b:ill. ;
_c25 cm.
504 _aIncludes blibiographical references.
650 0 _aSustainable Development.
700 _aHolloway, Ailsa.
907 _a.b10298228
_b13-06-11
_c13-06-11
003
005 20230123125311.0
040 _cNUST
942 _cBOOKS
_kHC79.E5
_mRIS
999 _c139154
_d139154